| 000 | 00609nam a22001937a 4500 | ||
|---|---|---|---|
| 003 | OSt | ||
| 005 | 20260122055932.0 | ||
| 008 | 260122b |||||||| |||| 00| 0 eng d | ||
| 020 | _a0-07-296910-5. | ||
| 040 |
_aDWCL-Main lib _cOC |
||
| 082 |
_23rd edition _aGR. 513.14 B118p 2006 |
||
| 100 | _aBach, Daniel J. | ||
| 245 |
_aPrealgebra : _bmathematics for a variable world _cBach, Daniel J. |
||
| 260 |
_aN. Y. : _bMcGraw-Hill, _cc2006. |
||
| 300 |
_axxii (various paging) : _bcolored illustration ; _c27 cm. |
||
| 650 | _21. Mathematics | ||
| 700 | _aLeitner, Patricia J. | ||
| 942 |
_2ddc _cGR _e3rd ed. _kGR. _n0 |
||
| 999 |
_c7705 _d7705 |
||